| 000 | 00640cam a22002411 4500 | ||
|---|---|---|---|
| 001 | sa 66002223 | ||
| 003 | DLC | ||
| 005 | 20260227112227.0 | ||
| 008 | 890706s1965 ii 000 0 urdr | ||
| 010 | _asa 66002223 | ||
| 035 | _a(OCoLC)19968797 | ||
| 040 |
_aDLC _cWaU _dDLC |
||
| 042 | _apremarc | ||
| 043 | _aa-ii--- | ||
| 050 | 0 | 0 |
_aPK2155 _b.Z62 1965 |
| 100 | 1 |
_aZore, Muhiuddin Qadri, _d1905-1962. |
|
| 245 | 1 | 0 | _aDakkanī adab kī tārik̲h̲. |
| 260 | _c[1965] | ||
| 300 |
_a160 p. _c19 cm. |
||
| 500 | _aIn Urdu. | ||
| 500 | _aText partially vocalized. | ||
| 650 | 0 |
_aUrdu literature _zIndia, South _xHistory and criticism. |
|
| 999 |
_c68227 _d68227 |
||